MARC

LEADER 00000nam0a2200000 4500
001 57797
005 20231031054448.0
035 |a (RuTPU)RU\TPU\book\61020 
090 |a 57797 
100 |a 20031117d1974 km y0rusy50 ca 
101 0 |a rus 
102 |a RU 
105 |a a z 001zy 
200 1 |a Плавка цветных металлов в индукционных печах  |f В. А. Цыганов 
210 |a Москва  |c Металлургия  |d 1974 
215 |a 248 с.  |c ил. 
320 |a Библиогр.: с. 244-245 
610 1 |a металлургия 
610 1 |a цветные металлы 
610 1 |a плавка 
610 1 |a индукционные плавильные печи 
610 1 |a медь 
610 1 |a медные сплавы 
610 1 |a никелевые сплавы 
610 1 |a никель 
610 1 |a магниевые сплавы 
610 1 |a цинковые сплавы 
610 1 |a электроплавка 
610 1 |a экономика 
675 |a 621.745  |v 3 
675 |a 621.365  |v 3 
675 |a 669  |v 3 
700 1 |a Цыганов  |b В. А.  |g Виктор Александрович 
801 1 |a RU  |b 63413507  |c 20031117  |g PSBO 
801 2 |a RU  |b 63413507  |c 20060605  |g PSBO 
942 |c BK